Music Quiz

Random Music Quiz
Score 0/30 Timer 05:00
0 Plays Today
% Correct
The Doors
90%
Sex Pistols
89.4%
No Doubt
86.2%
The Clash
85.8%
N.W.A
83.8%
Led Zeppelin
82.8%
The Pretenders
81.6%
Heart
81.3%
Devo
79.5%
Kiss
75.4%
Counting Crows
71.8%
The Cars
71.1%
The Cure
70.2%
Three Dog Night
69.1%
Soundgarden
68.9%
% Correct
Garbage
67.8%
Gorillaz
65.2%
Stone Temple Pilots
64.2%
Funkadelic
63.3%
Def Leppard
62.8%
Foghat
61.2%
Cheap Trick
60%
Jane's Addiction
58.5%
Foreigner
58.5%
The Killers
58.1%
Violent Femmes
56.4%
Arcade Fire
53.2%
Toto
51.1%
Psychedelic Furs
44.3%
XTC
34.6%

You're not logged in!

Compare scores with friends on all Sporcle quizzes.
OR
Log In

Sporcle TV

Today on Sporcle TV


Watch our educational content, quiz creation guides, and fun videos on Sporcle TV.

Show Comments

Extras

Created Jul 7, 2019ReportNominate
Tags:Rock Band

Top Quizzes Today


Score Distribution

Paid Content

Your Account Isn't Verified!

In order to create a playlist on Sporcle, you need to verify the email address you used during registration. Go to your Sporcle Settings to finish the process.

Report this User

Report this user for behavior that violates our Community Guidelines.

Details: